• 首页
  • 本馆介绍
  • 公告通知
  • 最新文献
  • 馆藏检索
  • 电子资源
  • 读者导购
  • 参考咨询
  • 我的图书馆
  • 登录
  • 详细信息显示
  • 放入我的书架
  • 预约/预借图书
  • 作者相关作品
  • 分类相关作品
  • 丛书相关作品
  • 出版社相关作品

书目信息

  • 表格格式
  • 工作单格式
  • 卡片格式
题名:
编程景观
    
 
作者: 包瑞清
分册:  
出版信息: 南京   江苏凤凰科学技术出版社  2015.06
页数: 277页
开本: 20cm
丛书名:
单 册:
中图分类: TP311.1
科图分类:
主题词: 软件
电子资源:
ISBN: 7-5537-4536-7
000 00545nam0 2200193 450
001 1825
005 20161201142705.01
010    @a7-5537-4536-7@dCNY128.00
100    @a20150807d2015 km y0chiy0120 ea
101 0  @achi
200 1  @a编程景观@Abian cheng jing guan@f包瑞清@Fbao rui qing
210    @a南京@c江苏凤凰科学技术出版社@d2015.06
215    @a277页@d20cm
330    @a程序设计
606 0  @a软件
690    @aTP311.1@v4
701  0 @a包瑞清@Abao rui qing
801  0 @aCN@b大连网信软件有限公司图书馆·11@c20161201
905    @aZUCC@dTP311.1@e1001
    
    编程景观/包瑞清.-南京:江苏凤凰科学技术出版社,2015.06
    277页;20cm
    
    
    ISBN 7-5537-4536-7:CNY128.00
    程序设计
●
相关链接 在E读中查询图书 在五车中查询图书 在当当中查询图书 在豆瓣中查询图书


正题名:编程景观     索取号:TP311.1/1001         预约/预借

序号 登录号 条形码 馆藏地/架位号 状态 备注
1 909983   209099839   第二样本阅览室/ [索取号:TP311.1/1001] 在馆    
2 909984   209099848   密集书库—计算机科学学院/ [索取号:TP311.1/1001] 在馆    
3 909985   209099857   第三借阅区/ [索取号:TP311.1/1001] 在馆    
4 909986   209099866   第三借阅区/ [索取号:TP311.1/1001] 在馆    
唐山师范学院图书馆 欢迎您!
大连网信软件有限公司© 版权所有